00293nam a2200109 a 4500008004100000050001600041100002600057245004300083260003800126300001000164350000900174120416s1977 ||||||||||||||||| || u aHX 39.5 Mar aMarx, Karl, 1818-188310aSelected works in three volumes. I-III aMoscowbProgress Publishersc1977 a579p. a0.00